|
|
|
|
| LEADER |
00000nam0a2200000 4500 |
| 001 |
379551 |
| 005 |
20240125164402.0 |
| 010 |
|
|
|a 5-93556-798-9
|
| 035 |
|
|
|a (RuTPU)RU\TPU\retro\37018
|
| 090 |
|
|
|a 379551
|
| 100 |
|
|
|a 20231019d2007 m||y0rusy50 ca
|
| 101 |
0 |
|
|a rus
|
| 102 |
|
|
|a RU
|
| 105 |
|
|
|a y z 000ay
|
| 181 |
|
0 |
|a i
|b e
|
| 182 |
|
0 |
|a n
|
| 183 |
|
0 |
|a nc
|2 RDAcarrier
|
| 200 |
1 |
|
|a Пособие для начинающей ведьмы
|e фантастический роман
|f Елизавета Шумская
|
| 203 |
|
|
|a Текст
|b визуальный
|c непосредственный
|
| 210 |
|
|
|a Москва
|c Армада
|c Альфа-книга
|d 2007
|
| 215 |
|
|
|a 406 с.
|
| 225 |
1 |
|
|a Магия фэнтези
|
| 283 |
|
|
|a volume
|2 RDAcarrier
|
| 330 |
|
|
|a Ты — деревенская знахарка. Не нравится? А чего ж ты хочешь? Нового захотелось? Приключений? На саму Магическую Академию замахнулась? А ты знаешь, сколько тебе придется пережить? Сколько пройти? А ты ни магией, ни мечом. Не страшно? Ну коли не страшно, то вот тебе пособие для начинающих и... вперед!
|
| 606 |
1 |
|
|a Русская литература современная
|9 50316
|
| 610 |
1 |
|
|a художественная литература
|
| 610 |
1 |
|
|a фэнтези
|
| 610 |
1 |
|
|a романы
|
| 610 |
1 |
|
|a приключения
|
| 610 |
1 |
|
|a приключенческие романы
|
| 675 |
|
|
|a Р2
|v 4
|z rus
|
| 700 |
|
1 |
|a Шумская
|b Е.
|g Елизавета
|
| 801 |
|
1 |
|a RU
|b 63413507
|c 20231019
|
| 942 |
|
|
|c BK
|